000 00799nam a2200205 a 4500
001 000014407
003 DO-SdBNP
005 20220810134026.0
007 ta
008 091211s2006 dr ac 001 0 spa d
040 _aDO-SdBNP
_bspa
_cBNPHU
049 _aBNPD
082 _axxxx
_bM578v
245 0 0 _a18 meses de visión programática :
_bMemorias 2005 /
246 1 3 _aDieciocho meses de visión programática :
_bMemorias 2005.
260 _aSanto Domingo :
_bINAPA
_bV Centenario,
_c2006.
300 _a81 P. :
_bil., retrs. ;
_c26 cm.
505 2 _aPalabras del director ejecutivo -- Grandes proyectos -- Proyectos con fondo locales -- Sistemas rurales -- Mejoramiento y optimización de sistemas en servicio -- Inapa hacia el futuro -- Gestión y desarrollo institucional
942 _2ddc
_cLBS1
999 _c13998
_d13998